000 00381nam a2200157Ia 4500
008 230312s9999||||xx |||||||||||||| ||und||
020 _a81-7758-486-8
082 _a338.9
_bTOD-E
100 _aTodaro,Michael.P
245 0 _aEconomic Development
260 _bPearsons
_aIndia
_c2009
300 _a863
546 _aEng.
650 _aEconomics
_vEconomic Development
942 _cBK
999 _c5880
_d5880